| 000 | 00705nam a22002417 4500 | ||
|---|---|---|---|
| 001 | 58905 | ||
| 005 | 20250829160947.0 | ||
| 008 | 241128r |||a|||gr|||| 00| 0 spa d | ||
| 020 | _a9786123032296 | ||
| 040 |
_aCO-BoRNBP _bspa _erda _cCO-BoRNBP |
||
| 084 | _aP BRI | ||
| 100 | 1 |
_aBriceño Polo, Pedro Alberto _eautor _964364 |
|
| 245 | 1 | 0 |
_aColmos de los colmos _cPedro Alberto Briceño Polo |
| 250 | _aquinta edición | ||
| 264 | 1 |
_aLima, Perú _blos libros mas pequeños del mundo _c2017 |
|
| 300 |
_a443 páginas _c7 cm. |
||
| 336 |
_atexto _btxt _2rdacontenido |
||
| 337 |
_asin mediación _bn _2rdamedio |
||
| 338 |
_avolumen _bnc _2rdasoporte |
||
| 650 | 1 | 7 | _2LEMB |
| 653 | _acolmos | ||
| 942 | _cBK | ||
| 999 |
_c58905 _d58905 |
||